| 000 | 00945nas a2200313 4500 | ||
|---|---|---|---|
| 001 | BR0100567 | ||
| 003 | BR-BrBNA | ||
| 005 | 20231205102043.0 | ||
| 007 | ta | ||
| 008 | 230509b bl.|||p| |||| 00| 00por d | ||
| 040 |
_aBR-BrBNA _bpor _cBiblioteca Nacional de Agricultura |
||
| 041 | _a(Pt) | ||
| 072 | _aF04 | ||
| 100 | 1 | _aAmado, T.J.C. | |
| 100 | 1 | _aMielniczuk, J. | |
| 100 | 1 | _aFernandes, S.B.V. | |
| 245 | 1 | _aLeguminosas e adubacao mineral como fontes de nitrogenio para o milho em sistemas de preparo do solo | |
| 650 | _aAveia | ||
| 650 | _aMilho | ||
| 650 | _aErvilhaca | ||
| 650 | _aFeijao de Corda | ||
| 650 | _aAdubacao de Cobertura | ||
| 650 | _aNitrogenio | ||
| 650 | _aPlantio Direto | ||
| 650 | _aManejo do Solo | ||
| 773 | 0 |
_tRevista Brasileira de Ciencia do Solo (Brazil) _xISSN 0100-0683 _g(Jan-Mar 2000), v. 24(1) p. 179-189 _wBR0100567 |
|
| 909 |
_a202311 _bLúcia _c55 _dLúcia Elande |
||
| 942 |
_2AGRIS _n0 _cANA |
||
| 999 |
_c165480 _d165480 |
||